000 01116nam a22002657a 4500
005 20170124102957.0
010 _aB-056636
020 _c100.00
035 _aB-056636
037 _bCen Lib/Ret
040 _aDPL
_bHN
082 _a821
_bवर्माश्री
100 _aवर्मा, श्री राम
_951202
245 _aगली का परिवेश /
_cश्री राम वर्मा
246 _aGali ka parivesh
_bby ShreeRam Verma
260 _aनई दिल्ली
_bपीताम्बरा प्रकाशन
_c2000
270 _a26/5,अशोक नगर तिलक नगर के पास
_b नई दिल्ली
_e110035
300 _a104पृष्ठ.
_c21सेमी(सजिल्द)
650 _aहिंदी साहित्य
_953514
650 _aहिंदी काव्य रचना
_943622
650 _aHindi Literature
_953515
650 _aHindi poetry composition
_945225
700 _aमायाराम
_953319
942 _2ddc
_cHN
_h821
_mवर्माश्री
999 _c113706
_d113706